00856nam a2200253 a 4500001000400000003001000004005001700014008004100031020001800072040002500090080001600115090001600131245008100147260003600228300002400264504003600288650003800324650002500362650002600387700004400413942001200457952012000469999001300589949BR-CuiBMT20231123210815.0231123s2009 rsba 001 0 por d a9788577804849 aBR-CuiBMTcBR-CuiBMT 22007a658.5 a658.5bG3931 aGestão de processos :bpensar, agir e aprender /cRafael Paim... [et al.]. aPorto Alegre :bBookman,c2009. a327 p.:bil.c25 cm aInclui bibliografia e índice. aAdministração da produção aControle de processo aGestão de processos aPaim, RafaelqSantos, Rafael Paim Cunha 2udccLV 00102udc4070aBIBTCEMTbBIBTCEMTd2013-04-02l0o658.5 G393pBIBTCEMT23111002r2023-11-23tEx. 1w2023-11-23yLV c949d949